[Event "Chess.com Rapid Wk22 Swiss"]
[Site "Chess.com INT"]
[Date "2022.07.23"]
[Round "8"]
[White "Rustemov, Alexander"]
[Black "Yang, Kaiqi"]
[Result "1/2-1/2"]
[WhiteElo "2525"]
[BlackElo "2481"]
[PlyCount "126"]
[EventDate "2022.07.23"]
[EventType "swiss (rapid)"]
[EventRounds "9"]
[EventCountry "USA"]
[SourceTitle "CBM 209 Extra"]
[Source "ChessBase"]
[SourceDate "2022.09.30"]
[SourceVersion "1"]
[SourceVersionDate "2022.09.30"]
[SourceQuality "1"]

1. d4 d5 2. c4 e6 3. Nc3 a6 4. cxd5 exd5 5. Nf3 Nf6 6. Bg5 Be6 7. e3 Nbd7 8. Bd3 c6 9. Qc2 Bd6 10. Bf4 Qc7 11. Bxd6 Qxd6 12. h3 0-0 13. 0-0 Qe7 14. Rfb1 Nb6 15. Na4 Nxa4 16. Qxa4 Ne8 17. Qc2 g6 18. b4 Nd6 19. a4 Bf5 20. Bxf5 Nxf5 21. b5 axb5 22. axb5 Rxa1 23. Rxa1 cxb5 24. Qb3 Rc8 25. Qxb5 Rc2 26. Qxd5 Rxf2 27. Re1 Nxe3 28. Qe5 Rxg2+ 29. Kh1 Qxe5 30. dxe5 Rg3 31. Rxe3 Rxh3+ 32. Kg2 Rh5 33. Rb3 Rf5 34. Rxb7 h5 35. Rb5 Kg7 36. Nd4 Rf4 37. Rd5 Re4 38. Kf3 Re1 39. Kf4 Rf1+ 40. Kg3 Re1 41. Rd7 Rxe5 42. Nf3 Ra5 43. Kf4 Ra4+ 44. Kg3 Ra3 45. Kf4 Ra4+ 46. Kg3 Kf6 47. Rd6+ Ke7 48. Rb6 f6 49. Rb7+ Kf8 50. Nh4 g5 51. Ng6+ Kg8 52. Ne7+ Kf7 53. Nf5+ Kf8 54. Nh6 h4+ 55. Kh3 Rf4 56. Ng4 Rf3+ 57. Kh2 f5 58. Nf6 g4 59. Rd7 h3 60. Nh7+ Ke8 61. Nf6+ Kf8 62. Nh7+ Ke8 63. Nf6+ Kf8 1/2-1/2

[Event "Chess.com Rapid Wk22 Swiss"]
[Site "Chess.com INT"]
[Date "2022.07.23"]
[Round "3"]
[White "Yang, Kaiqi"]
[Black "Maghsoodloo, Parham"]
[Result "0-1"]
[WhiteElo "2481"]
[BlackElo "2701"]
[PlyCount "106"]
[EventDate "2022.07.23"]
[EventType "swiss (rapid)"]
[EventRounds "9"]
[EventCountry "USA"]
[SourceTitle "CBM 209 Extra"]
[Source "ChessBase"]
[SourceDate "2022.09.30"]
[SourceVersion "1"]
[SourceVersionDate "2022.09.30"]
[SourceQuality "1"]

1. d4 Nf6 2. c4 e6 3. Nc3 Bb4 4. e3 0-0 5. Nf3 b6 6. Bd3 Bb7 7. 0-0 c5 8. a3 Bxc3 9. bxc3 Ne4 10. Nd2 f5 11. Qc2 Qh4 12. f3 Ng5 13. Rf2 Rf6 14. Nf1 Nc6 15. Bd2 Rg6 16. Ng3 Rf8 17. Be1 Rh6 18. Nf1 f4 19. Re2 Qh5 20. exf4 Rxf4 21. Bg3 Rxf3 22. gxf3 cxd4 23. Nd2 e5 24. Rf1 dxc3 25. Ne4 Nd4 26. Qxc3 Nxe2+ 27. Bxe2 Bxe4 28. Qxe5 Nh3+ 29. Kg2 Qxe5 30. Bxe5 Bf5 31. c5 bxc5 32. Rc1 Rg6+ 33. Bg3 Nf4+ 34. Kf2 Nxe2 35. Kxe2 Rc6 36. Bf2 d6 37. Kd2 Kf7 38. Kc3 Ke6 39. Re1+ Kd7 40. Bh4 Be6 41. f4 g6 42. Rb1 Rb6 43. Rxb6 axb6 44. Bf6 d5 45. Be5 Kc6 46. h4 d4+ 47. Kd3 Kd5 48. Bc7 b5 49. Bb6 c4+ 50. Kd2 Bf5 51. Ba5 c3+ 52. Ke2 d3+ 53. Ke3 d2 0-1

[Event "Chess.com Rapid Wk21 Swiss"]
[Site "Chess.com INT"]
[Date "2022.07.16"]
[Round "7"]
[White "Jakubowski, Krzysztof"]
[Black "Yang, Kaiqi"]
[Result "1/2-1/2"]
[WhiteElo "2459"]
[BlackElo "2481"]
[PlyCount "152"]
[EventDate "2022.07.16"]
[EventType "swiss (rapid)"]
[EventRounds "9"]
[EventCountry "USA"]
[SourceTitle "CBM 209 Extra"]
[Source "ChessBase"]
[SourceDate "2022.09.30"]
[SourceVersion "1"]
[SourceVersionDate "2022.09.30"]
[SourceQuality "1"]

1. e4 c5 2. Nf3 e6 3. d4 cxd4 4. Nxd4 a6 5. Nc3 b5 6. Bd3 Bb7 7. 0-0 Nc6 8. Nxc6 Bxc6 9. Kh1 Bc5 10. Qe2 Ne7 11. f4 b4 12. Nd1 0-0 13. Be3 Qb6 14. Qf2 Bxe3 15. Nxe3 Qb7 16. Nc4 d5 17. Nd6 Qd7 18. e5 Nc8 19. Qh4 g6 20. Nxc8 Rfxc8 21. a3 a5 22. Rf3 Qd8 23. Qf6 d4 24. Rf2 Bd5 25. Kg1 b3 26. Qxd8+ Rxd8 27. cxb3 Bxb3 28. Rc1 Rac8 29. Rff1 Kg7 30. Kf2 f6 31. exf6+ Kxf6 32. Ke2 Bd5 33. g3 Rb8 34. Rc2 Rb3 35. Rb1 Rdb8 36. Rd2 R3b6 37. h4 Ba2 38. Ra1 Bd5 39. Rb1 h6 40. a4 g5 41. hxg5+ hxg5 42. Bb5 e5 43. fxe5+ Kxe5 44. Re1 Be4 45. Kd1 Kd5 46. Rf2 d3 47. Rf7 Rd6 48. b3 Kd4 49. Kd2 Rc8 50. Bc4 Rh8 51. Rf2 Rh3 52. Re3 Rh1 53. Bxd3 Bd5 54. Bc2 Ra1 55. Rd3+ Kc5 56. Rf5 Ra2 57. Rxg5 Kc6 58. Kc1 Rxc2+ 59. Kxc2 Be4 60. Kb2 Rxd3 61. Rxa5 Rxg3 62. Re5 Bd5 63. b4 Rb3+ 64. Kc2 Rxb4 65. Rg5 Rxa4 66. Kc3 Ra3+ 67. Kd4 Ra4+ 68. Kc3 Re4 69. Kd3 Re6 70. Rh5 Re4 71. Kc3 Kc5 72. Rh8 Rd4 73. Rc8+ Bc6 74. Rb8 Rc4+ 75. Kd3 Rb4 76. Rxb4 Kxb4 1/2-1/2

[Event "Titled Tuesday intern op 28th Jun Early"]
[Site "Chess.com INT"]
[Date "2022.06.28"]
[Round "9"]
[White "Yang, Kaiqi"]
[Black "Dobre, Claudiu Cristian"]
[Result "1/2-1/2"]
[WhiteElo "2481"]
[BlackElo "2285"]
[PlyCount "157"]
[EventDate "2022.06.28"]
[EventType "swiss (blitz)"]
[EventRounds "11"]
[EventCountry "USA"]
[SourceTitle "CBM 209 Extra"]
[Source "ChessBase"]
[SourceDate "2022.09.30"]
[SourceVersion "1"]
[SourceVersionDate "2022.09.30"]
[SourceQuality "1"]

1. d4 d5 2. c4 c6 3. Nf3 Nf6 4. Nc3 e6 5. e3 Nbd7 6. Qc2 Bd6 7. Be2 0-0 8. 0-0 a6 9. Rd1 Qe7 10. b3 dxc4 11. bxc4 c5 12. Bb2 cxd4 13. exd4 b6 14. Ng5 Bb7 15. d5 exd5 16. Nxd5 Bxd5 17. cxd5 h6 18. Nf3 Ne5 19. Qf5 Rfe8 20. Nxe5 Bxe5 21. d6 Bxd6 22. Bf3 Rad8 23. Bc6 Bxh2+ 24. Kh1 Rxd1+ 25. Rxd1 Rd8 26. Rxd8+ Qxd8 27. Bxf6 gxf6 28. Be4 Be5 29. Qh7+ Kf8 30. Qxh6+ Ke7 31. g3 Qd1+ 32. Kg2 Qe2 33. Qe3 Qxe3 34. fxe3 Kd6 35. Bb7 a5 36. a4 Kc5 37. Ba6 Kb4 38. Bb5 Bd6 39. Kf3 Be5 40. g4 Bb2 41. Ke4 Kc5 42. Be8 Kd6 43. Bxf7 Bc1 44. Bc4 Bd2 45. Bb5 Bc1 46. Kd3 Kc5 47. Ke4 Kd6 48. Kf5 Ke7 49. e4 Bb2 50. Bc4 Kd6 51. Bb5 Bc3 52. Be8 Be5 53. Bb5 Ke7 54. Kg6 Bd4 55. Bc4 Be5 56. Kf5 Kd6 57. Bd5 Bd4 58. Bb3 Bc3 59. Bc4 Bb2 60. Bb5 Bc3 61. g5 fxg5 62. Kxg5 Ke5 63. Bc6 Bd4 64. Kg6 Bc5 65. Kf7 Bd4 66. Ke8 Bc5 67. Kd7 Bd4 68. Kc8 Bc5 69. Kb7 Bd4 70. Ka6 Bc5 71. Kb5 Bd4 72. Bd5 Bc5 73. Kc4 Bd4 74. Bb7 Bc5 75. Bc6 Bd4 76. Bd5 Bc5 77. Bc6 Bd4 78. Bd5 Bc5 79. Bc6 1/2-1/2

[Event "Titled Tuesday intern op 28th Jun Early"]
[Site "Chess.com INT"]
[Date "2022.06.28"]
[Round "5"]
[White "Yang, Kaiqi"]
[Black "Ladan, Nicholas John"]
[Result "1-0"]
[WhiteElo "2481"]
[BlackElo "2131"]
[PlyCount "116"]
[EventDate "2022.06.28"]
[EventType "swiss (blitz)"]
[EventRounds "11"]
[EventCountry "USA"]
[SourceTitle "CBM 209 Extra"]
[Source "ChessBase"]
[SourceDate "2022.09.30"]
[SourceVersion "1"]
[SourceVersionDate "2022.09.30"]
[SourceQuality "1"]

1. d4 d5 2. c4 e6 3. g3 Nf6 4. Bg2 Bb4+ 5. Nd2 0-0 6. Ngf3 b6 7. 0-0 Bb7 8. Ne5 Nbd7 9. Nd3 Bxd2 10. Bxd2 Ne4 11. cxd5 Bxd5 12. Be3 Nd6 13. f3 f5 14. Bf2 Qe7 15. Rc1 Rac8 16. Nb4 Nf6 17. Nc6 Qd7 18. Ne5 Qb5 19. b3 Rfd8 20. Qd3 Qxd3 21. Nxd3 a5 22. Rc2 Kf7 23. Rfc1 Rd7 24. Ne5+ Ke8 25. Nxd7 Kxd7 26. h3 g5 27. g4 h5 28. Bg3 hxg4 29. hxg4 fxg4 30. Bxd6 Kxd6 31. e4 gxf3 32. exd5 fxg2 33. dxe6 c5 34. dxc5+ bxc5 35. Re1 Ke7 36. Rxg2 g4 37. Rc2 a4 38. bxa4 c4 39. a5 Rc5 40. a6 Rc6 41. a7 Ra6 42. Rxc4 Rxa7 43. a4 Ne8 44. Rxg4 Ra6 45. Rge4 Nd6 46. Rh4 Ne8 47. Rh7+ Kd6 48. Rd7+ Kc6 49. Rc1+ Kb6 50. Re7 Nd6 51. Rd7 Ne8 52. Rd8 Nf6 53. e7 Rxa4 54. Rd6+ Kb7 55. Rxf6 Rg4+ 56. Kf2 Re4 57. Rf7 Kb6 58. Re1 Rf4+ 1-0